Agriculture machinery II ម៉ាស៊ីនកសិកម្ម II (Record no. 10112)
[ view plain ]
| 000 -LEADER | |
|---|---|
| fixed length control field | 00318nam a22001217a 4500 |
| 040 ## - CATALOGING SOURCE | |
| Transcribing agency | HS |
| 082 ## - DEWEY DECIMAL CLASSIFICATION NUMBER | |
| Classification number | 574 |
| 100 ## - MAIN ENTRY--AUTHOR NAME | |
| Personal name | សួស ចំណាន |
| 245 ## - TITLE STATEMENT | |
| Title | Agriculture machinery II ម៉ាស៊ីនកសិកម្ម II |
| 260 ## - PUBLICATION, DISTRIBUTION, ETC. (IMPRINT) | |
| Place of publication | RUA |
| Name of publisher | សួស ចំណាន |
| Year of publication | 2008 |
| 300 ## - PHYSICAL DESCRIPTION | |
| Number of Pages | 43p; |
| 942 ## - ADDED ENTRY ELEMENTS (KOHA) | |
| Koha item type | សៀវភៅភាសាខ្មែរ |
| 952 ## - LOCATION AND ITEM INFORMATION (KOHA) | |
| Withdrawn status [LOCAL, KOHA] | 0 |
| 952 ## - LOCATION AND ITEM INFORMATION (KOHA) | |
| Withdrawn status [LOCAL, KOHA] | 0 |
| Permanent Location | Date acquired | Koha item type | Lost status | Shelving location | Barcode | Current Location | Full call number |
|---|---|---|---|---|---|---|---|
| Library Block C | 2016-09-20 | សៀវភៅភាសាខ្មែរ | C019 | A01776 | Library Block C | 574 សួស 2008 C019 Or. | |
| Library Block C | 2016-09-20 | សៀវភៅភាសាខ្មែរ | C019 | A01615 | Library Block C | 574 សួស 2008 C019 Or. |